Countries with the most colorblind people - Statistics

General Stats
  • This quiz has been taken 25 times
  • The average score is 8 of 10
Answer Stats
# Countries % Correct
107 M China
100%
32 M United States
96%
14 M Russia
92%
74 M India
88%
25 M Brazil
79%
12 M Mexico
79%
29 M Indonesia
75%
20 M Nigeria
67%
19 M Bangladesh
63%
28 M Pakistan
63%
No matching quizzes found
Score Distribution
Percent of People with Each Score
Percentile by Number Answered
Your Score History
You have not taken this quiz